| 000 | nam a22 7a 4500 | ||
|---|---|---|---|
| 999 |
_c330816 _d330816 |
||
| 003 | NUST | ||
| 005 | 20170809105451.0 | ||
| 008 | 170809b xxu||||| |||| 00| 0 eng d | ||
| 020 | _a9789695032350 | ||
| 040 | _cNUST | ||
| 082 |
_a891.421 _bBAH |
||
| 100 |
_aSultan Bahu _93863 |
||
| 245 |
_aAks-e-Bahu: _bSultan Bahoo ka kalam aur urdu tarjuma/ _cTarjuma by Masood Qureshi |
||
| 260 |
_aLahore: _bAl-Faisal, _c2002 |
||
| 300 | _a212 p. | ||
| 500 | _aPunjabi Poetry | ||
| 650 |
_aPunjabi Poetry _93864 |
||
| 880 |
_6100-01\(3\r _aسلطان باہو |
||
| 880 |
_6245-02\(3\r _aعکس باہو: _bسلطان باھو کا کلام اور اردو ترجمہ/ _cترجمہ: مسعود قریشی |
||
| 880 |
_6260-03\(3\r _aلاہور: _bالفیصل، _c2002 |
||
| 942 |
_2ddc _cBK |
||